00341nam a22001337a 4500003000500000005001700005008004100022038001200063082000600075100001900081245006500100260003400165300000800199NUST20191125163410.0191125b ||||| |||| 00| 0 eng d aMSOHAIL a0 a Jack Porteous aDesigners’ Guide to Eurocode 5: Design of Timber Buildings aLondonbICE Publishingcc2013 av.p